000 00211nam a2200097Ia 4500
008 220204s9999 xx 000 0 und d
082 _a82-3
_bJAM
100 _aJames, P D
245 0 _aCover her face
942 _cBK
999 _c33525
_d33525